Statystyki dla Z jakiego kraju jest ten skoczek narciarski

Kliknij tutaj aby rozwiązać quiz!

Ogólne statystyki

  • Ten quiz został rozwiązany 213 razy
  • Średni wynik to 12 z 13

Statystyki odpowiedzi

skoczekkraj% Poprawnych
Kamil Stochpolska
100%
Stefan Kraftaustria
99%
Noriaki Kasajjaponia
99%
Karl Geigarniemcy
99%
Rober Jochansonnorwegia
99%
Roman Koudelkaczechy
98%
Peter Prevcsłowenia
98%
Roman Trofimovrosja
96%
Kevin BicknerUSA
95%
Jarko Mattafinlandia
92%
Mackenzie Boyd-Cloweskanada
92%
Vladimir Zografskibułgaria
87%
Alex Insamwłochy
83%

Rozkład punktacji

Percentyl według liczby udzielonych odpowiedzi

Procent ludzi z każdym wynikiem

Twoja historia wyników

Nie rozwiązałeś tego quizu